O. Hood Phillips & Jackson : constitutional and administrative law. (Record no. 100879)

MARC details
000 -LEADER
fixed length control field 00594cam a2200217 4500
008 - FIXED-LENGTH DATA ELEMENTS--GENERAL INFORMATION
fixed length control field 000000n2001 000 0 eng u
020 ## - INTERNATIONAL STANDARD BOOK NUMBER
International Standard Book Number 0421574801
035 ## - SYSTEM CONTROL NUMBER
System control number (Sirsi) u109090
100 ## - MAIN ENTRY--PERSONAL NAME
Personal name Phillips, O.
245 ## - TITLE STATEMENT
Title O. Hood Phillips & Jackson : constitutional and administrative law.
260 ## - PUBLICATION, DISTRIBUTION, ETC.
Place of publication, distribution, etc. London
Name of publisher, distributor, etc. Sweet & Maxwell
Date of publication, distribution, etc. 2001
300 ## - PHYSICAL DESCRIPTION
Extent cxxvi, 855p. ; 24cm.
350 ## - PRICE (NR) (BK AM CF MU VM SE) [OBSOLETE]
Price 30.00
650 ## - SUBJECT ADDED ENTRY--TOPICAL TERM
Topical term or geographic name entry element CONSTITUTIONAL LAW
650 ## - SUBJECT ADDED ENTRY--TOPICAL TERM
Topical term or geographic name entry element LAW
650 ## - SUBJECT ADDED ENTRY--TOPICAL TERM
Topical term or geographic name entry element PARLIAMENTARY PROCEDURE
650 ## - SUBJECT ADDED ENTRY--TOPICAL TERM
Topical term or geographic name entry element HUMAN RIGHTS ACT 1998
700 ## - ADDED ENTRY--PERSONAL NAME
Personal name Jackson, P.
700 ## - ADDED ENTRY--PERSONAL NAME
Personal name Leopold, P.
942 ## - ADDED ENTRY ELEMENTS (KOHA)
Suppress in OPAC 0
Holdings
Withdrawn status Lost status Source of classification or shelving scheme Damaged status Not for loan Home library Current library Shelving location Date acquired Cost, normal purchase price Total Checkouts Full call number Barcode Date last seen Copy number Cost, replacement price Price effective from Koha item type
    Dewey Decimal Classification     London London Books 14/12/2001 30.00   342.4106 PHI 30065190 06/08/2019 1 30.00 06/08/2019 Book